| 000 -LEADER |
| fixed length control field |
01005nam a22002537a 4500 |
| 005 - DATE AND TIME OF LATEST TRANSACTION |
| control field |
20251008134403.0 |
| 008 - FIXED-LENGTH DATA ELEMENTS--GENERAL INFORMATION |
| fixed length control field |
250121b ||||| |||| 00| 0 eng d |
| 020 ## - INTERNATIONAL STANDARD BOOK NUMBER |
| International Standard Book Number |
9780753472637 |
| 040 ## - CATALOGING SOURCE |
| Transcribing agency |
KH8 |
| 082 ## - DEWEY DECIMAL CLASSIFICATION NUMBER |
| Classification number |
577 REM |
| 100 ## - MAIN ENTRY--PERSONAL NAME |
| Personal name |
Nick Ackland; Wendy Kendall |
| Relator term |
Authors |
| 245 ## - TITLE STATEMENT |
| Title |
REMARKABLE RAINFORESTS |
| 260 ## - PUBLICATION, DISTRIBUTION, ETC. |
| Place of publication, distribution, etc. |
4901 Morena Blvd, Ste 213, San Diego, CA 92117, USA |
| Name of publisher, distributor, etc. |
Kane Miller (part of Read, Touch, Discover series) |
| Date of publication, distribution, etc. |
March 1, 2024 |
| 300 ## - PHYSICAL DESCRIPTION |
| Extent |
5 pages |
| Other physical details |
touch & feel illustrations |
| Dimensions |
18 cm × 18 cm |
| 500 ## - GENERAL NOTE |
| General note |
Cover: parrot image (touch & feel element). |
| 520 ## - SUMMARY, ETC. |
| Summary, etc. |
Explore the colourful rainforest and meet five of its special inhabitants through simple rhyming text and textured touch‑and‑feel artwork. |
| 521 ## - TARGET AUDIENCE NOTE |
| Target audience note |
Ages 3‑6 |
| 650 ## - SUBJECT ADDED ENTRY--TOPICAL TERM |
| Source of heading or term |
Rainforests |
| Topical term or geographic name entry element |
Juvenile non‑fiction |
| 650 ## - SUBJECT ADDED ENTRY--TOPICAL TERM |
| Source of heading or term |
Animals (Tropical regions) |
| Topical term or geographic name entry element |
Juvenile non‑fiction. |
| 655 ## - INDEX TERM--GENRE/FORM |
| Genre/form data or focus term |
Board books |
| 655 ## - INDEX TERM--GENRE/FORM |
| Genre/form data or focus term |
Interactive books |
| 700 ## - ADDED ENTRY--PERSONAL NAME |
| Personal name |
Kendall, Wendy |
| Relator term |
Illustrator |
| 942 ## - ADDED ENTRY ELEMENTS (KOHA) |
| Source of classification or shelving scheme |
|
| Koha item type |
Books - Non Ficton |